00407 2200145 4500245008800000020001500088250001000103100001700113650003900130005001900169260004100188041001400229084000900243336000900252 aSeri Manajemen Sumber Daya Manusia ; Memotivasi Pegawai jilid 3cA.Dale TimpehText a0816014612 aCet 5 aA.Dale Timpe aSeri Manajemen Sumber Daya Manusia a20240820102604 aJakartabElex Media Komputindoc2002 aIndonesia aNONE atext